000 00499nam a2200181Ia 4500
003 LK-CoDNM
008 010623t2004 xxu||||| |||| 00| 1 sin d
040 _aLK-CoDNM
_dLK-CoDNM
_eLK-CoDNM
041 _asin
080 _a133.52 WIL
100 _aWilliam,R.H.
245 _aතත්කාල හා නිමිති ශාස්ත්‍රය
246 _aThathkaala ha Nimithi Shaastraya
260 _bGunasena
_aColombo
_c2004
300 _b85p., 21 cm
650 _aCharm
942 _cBK
999 _c123761
_d123761